Irradiation of polymeric materials : processes, mechanisms, and applications /

Gespeichert in:
Bibliographische Detailangaben
Körperschaften: Royal Australian Chemical Institute. Polymer Division, National Science Foundation (U.S.), Australia. Dept. of Industry, Technology, and Commerce
Weitere Verfasser: Reichmanis, Elsa, 1953-, Frank, C. W., O'Donnell, James H.
Format: Buch
Sprache:Englisch
Veröffentlicht: Washington, DC American Chemical Society 1993.
Schriftenreihe:ACS symposium series, 527
Schlagworte:
Online-Zugang:Im OPAC anzeigen
Tags: Tag hinzufügen
Keine Tags, Fügen Sie das erste Tag hinzu!

MARC

LEADER 00000cam a2200000 a 4500
005 20260127133951.0
008 171201s1993 dcua b 101 0 eng
010 |a 93-022431 
020 |a 0841226628  |q (alk. paper) 
035 |a vtls001523785 
035 |a 2523585 
039 9 |a 201712011427  |b VLOAD  |y 200504141139  |z mschk03 
040 |a STUSCHK1  |b slo  |c STUSCHK1 
082 0 0 |a 620.1/9204228  |2 20 
245 0 0 |a Irradiation of polymeric materials :  |b processes, mechanisms, and applications /  |c Elsa Reichmanis, Curtis W. Frank, James H. O'Donnell, [editors]. 
260 |a Washington, DC  |b American Chemical Society  |c 1993. 
300 |a xii, 338 p.  |b ill.  |c 24 cm. 
440 0 |a ACS symposium series,  |x 0097-6156 ;  |v 527 
500 |a "Developed from a symposium sponsored by the Polymer Division of the Royal Australian Chemical Institute, the National Science Foundation of the United States, and the Department of Industry, Technology, and Commerce of the Australian Government." 
504 |a Includes bibliographical references and indexes. 
650 0 |a Polymers  |x Effect of radiation on  |x Congresses. 
700 1 |a Reichmanis, Elsa,  |d 1953- 
700 1 |a Frank, C. W. 
700 1 |a O'Donnell, James H. 
710 2 |a Royal Australian Chemical Institute.  |b Polymer Division. 
710 2 |a National Science Foundation (U.S.) 
710 1 |a Australia.  |b Dept. of Industry, Technology, and Commerce. 
906 |a 7  |b cbc  |c orignew  |d 1  |e ocip  |f 19  |g y-gencatlg 
910 |a SCHK95 
919 |a 0-8412-2662-8 
920 |a ** LC HAS REQ'D # OF SHELF COPIES ** 
991 |b c-GenColl  |h QD381.9.R3  |i I78 1993  |p 00038676155  |t Copy 1  |v 527  |w BOOKS 
999 |c 1082  |d 1082